| 000 | 01087nam a2200277 u 4500 | ||
|---|---|---|---|
| 001 | 000047172 | ||
| 005 | 20200120222501.0 | ||
| 008 | 111004s2005 cau r 000 0 spa d | ||
| 020 | _a9588059305 | ||
| 041 | 0 | _aspa | |
| 043 | _as-ck--- | ||
| 082 | 0 | 4 |
_a307.24 _bA58 _221 |
| 100 | _aÁlvarez-Correa G., E. Miguel | ||
| 245 | 1 | 0 |
_aCosechas de viento : _breubicación rural de las comunidades desplazadas por la violencia / _cE. Miguel Álvarez- Correa G., Carlos A. Moreno O., Marta S. Gutiérrez P. y L. Arturo Soler H. |
| 250 | _a2a. ed. | ||
| 260 |
_aBogotá : _bProcuraduría General de la Nación : Ministerio de la Protección Social, _c2005. |
||
| 300 |
_a182 p. : _bil. |
||
| 500 | _aIncluye bibliografía e índice | ||
| 500 | _aParalelo con los desvinculados del conflicto armado y con el campesinado beneficiario de la reforma agraria | ||
| 650 | 1 | 7 |
_aMigración rural-urbana _zColombia |
| 650 | 2 | 7 |
_aDerechos humanos _zColombia |
| 650 | 2 | 7 |
_aViolencia _xColombia |
| 700 | 1 | _aMoreno O., Carlos A. | |
| 700 | 1 | _aGutiérrez P., Marta S. | |
| 700 | 1 | _aSoler H., L. Arturo | |
| 999 |
_c2953 _d2953 |
||